000 00325nam a22001337a 4500
008 230626b xxu||||| |||| 00| 0 eng d
020 _a019572092X
082 _a331.26
_bGHA
100 _cD.Ghai and M.Godfrey
245 _aessays on
_bEmployment in Kenya
260 _aNairobi
_bKLB
_c1979
300 _a181p
942 _2ddc
_cBK
999 _c2700
_d2700